000 00698nam a22002297a 4500
005 20221028154919.0
008 221028b ||||| |||| 00| 0 eng d
040 _cAL
041 _aEnglish
082 _223
_a617.55059
_bPALP
100 _aC Palanivelu
_960475
245 _aPalanivelus Text Book of Surgical Laparoscopy
260 _aCoimbatore
_bGEM Digestive Diseases Foundation
_c2002
300 _axvii,558 p.
_bHB
_c30x21.5 cm.
650 _aAbdomen--Endoscopic surgery
_960476
650 _aLaparoscopy
_960477
650 _aHernia
_960478
650 _aEsophagus
_960479
650 _aBiliary tract--Endoscopic surgery
_960480
700 _aPALANIVELU (C)
_960481
942 _2ddc
_cGF
999 _c224941
_d224941